| Tag |
First Indicator |
Second Indicator |
Subfields |
| LEADER |
00000cam a2200000 a 4500 |
| 001 |
in00002782100 |
| 006 |
m d |
| 007 |
cr |n||||||||| |
| 008 |
120403s2012 njua o 001 0 eng |
| 005 |
20250816223302.6 |
| 010 |
|
|
|a 2012013818
|
| 020 |
|
|
|a 9781118286968 (electronic bk.)
|
| 020 |
|
|
|a 1118286960 (electronic bk.)
|
| 020 |
|
|
|a 9781118282885 (electronic bk.)
|
| 020 |
|
|
|a 1118282884 (electronic bk.)
|
| 020 |
|
|
|z 9781118284025
|
| 020 |
|
|
|z 111828402X
|
| 020 |
|
|
|z 9781118229965
|
| 035 |
|
|
|a (OCoLC)ocn783862075
|
| 035 |
|
|
|a (OCoLC)783862075
|
| 040 |
|
|
|a DLC
|b eng
|c DLC
|d YDX
|d EBLCP
|d OCLCO
|d N$T
|d TEFOD
|d YDXCP
|d TXA
|d UtOrBLW
|
| 042 |
|
|
|a pcc
|
| 049 |
|
|
|a TXAM
|
| 050 |
1 |
4 |
|a QA76.585
|b .W45 2012eb
|
| 072 |
|
7 |
|a COM
|x 060030
|2 bisacsh
|
| 072 |
|
7 |
|a COM
|x 060080
|2 bisacsh
|
| 082 |
0 |
0 |
|a 004.6782
|2 23
|
| 084 |
|
|
|a COM000000
|2 bisacsh
|
| 100 |
1 |
|
|a Weinman, Joe,
|d 1958-
|
| 245 |
1 |
0 |
|a Cloudonomics :
|b the business value of cloud computing /
|c Joe Weinman.
|
| 264 |
|
1 |
|a Hoboken, N.J. :
|b Wiley,
|c 2012.
|
| 300 |
|
|
|a 1 online resource (xxiv, 391 pages) :
|b illustrations
|
| 336 |
|
|
|a text
|b txt
|2 rdacontent
|
| 337 |
|
|
|a computer
|b c
|2 rdamedia
|
| 338 |
|
|
|a online resource
|b cr
|2 rdacarrier
|
| 504 |
|
|
|a Includes bibliographical references and index.
|
| 588 |
|
|
|a Description based on online resource; title from digital title page (viewed on Sept. 19, 2012).
|
| 500 |
|
|
|a Electronic resource.
|
| 650 |
|
0 |
|a Cloud computing
|x Economic aspects.
|
| 650 |
|
0 |
|a Information technology
|x Management.
|
| 650 |
|
7 |
|a COMPUTERS
|x General.
|2 bisacsh
|
| 650 |
|
7 |
|a COMPUTERS
|x Networking
|x Intranets & Extranets.
|2 bisacsh
|
| 650 |
|
7 |
|a COMPUTERS
|x Web
|x General.
|2 bisacsh
|
| 655 |
|
4 |
|a Electronic books.
|
| 776 |
0 |
8 |
|i Print version:
|a Weinman, Joe, 1958-
|t Cloudonomics
|d Hoboken, N.J. : Wiley, 2012
|z 9781118229965
|w (DLC) 2012012399
|
| 856 |
4 |
0 |
|u https://ebookcentral.proquest.com/lib/tamucs/detail.action?docID=843659
|y Connect to the full text of this electronic book
|t 0
|
| 948 |
|
|
|a cataloged
|b h
|c 2012/10/2
|d c
|e agaffey
|f 2:48:40 pm
|
| 994 |
|
|
|a C0
|b TXA
|
| 999 |
f |
f |
|s 03f6ad04-4e92-3f74-a1b2-cd3bd6f19cd8
|i 2013ec20-be70-3889-937b-9d7eb53822d6
|t 0
|
| 999 |
|
|
|a MARS
|
| 952 |
f |
f |
|a Texas A&M University
|b College Station
|c Electronic Resources
|d Available Online
|t 0
|e QA76.585 .W45 2012eb
|h Library of Congress classification
|
| 998 |
f |
f |
|a QA76.585 .W45 2012eb
|t 0
|l Available Online
|